| 000 | 01131nam2a2200265 4500 | ||
|---|---|---|---|
| 001 | RU\NLR\bibl\1987163 | ||
| 005 | 20250616211435.0 | ||
| 010 |
_a978-5-91918-235-1 _91000 |
||
| 021 |
_aRU _b2012-96049 _97110 |
||
| 035 | _a(NLR Aleph) 001975757 | ||
| 090 |
_a4019226 _c4019226 |
||
| 100 | _a20130114d2012 |||y0rusy50 ca | ||
| 101 | 0 | _arus | |
| 102 | _aRU | ||
| 105 | _ay ||||||||| | ||
| 200 | 0 | _aКн. 2 | |
| 210 |
_aСанкт-Петербург _cРеноме _d2012 |
||
| 215 | _a261, [1] с. | ||
| 300 | _a1-й подзаг., указ. в общ. части свод. описания, отсутствует | ||
| 461 | 0 |
_1001RU\NLR\bibl\1826278 _12001#$aДевушки со странностями$vКн. 2 _91949548 _aВиКи (псевдоним ; 1985-) _cВладивосток _d2011 _fВиКи _nиздатель Киселева _oиронично-эротический опус о загадочной женской душе : [роман] _tДевушки со странностями _vКн. 2 |
|
| 801 | 0 |
_aRU _bNLR _c20130114 _gRCR |
|
| 801 | 1 |
_aRU _bNLR _c20130114 |
|
| 942 | _cBOOK | ||
| 980 | _aNB | ||